000 00462nam a2200181Ia 4500
003 GCL
008 140319s9999 xx 000 0 ara d
040 _aGCL /
_cGCL
082 0 4 _a811.9
_bك م
100 1 _aكمال نشات
245 1 0 _aماذا يقول الربيع /
_cكمال نشات
300 _a122 ص
490 _a
650 0 4 _aالشعر العربى
650 0 4 _aالادب العربى
650 0 4 _aكمال نشات
942 _2ddc
_cBK
999 _c38161
_d38161